LEADER 00888nam a2200217 i 4500 001 000000026191 003 CaOOAMICUS 005 20180830125447.0 008 180830s2007 it u000 u ita u 040 $aSeMil$bita 100 1 $aMaffeis, Daniele.$0(OLS)http://semarc/name/7890 245 13$aIl flauto del re :$boperetta in tre atti /$ctesto di Ambrogio Palestra. 260 $aBergamo :$bEd. Carrara,$c2007. 300 $a2 v. ;$c30 cm. 700 1 $aOberti, Luca.$0(OLS)http://semarc/name/7892 700 1 $aPalestra, Ambrogio,$c.$0(OLS)http://semarc/name/7891 773 0 $tOperette.$w()17242 774 0 $aMaffeis, Daniele$t[Partitura].$w()210458 774 0 $aMaffeis, Daniele$t[Canto e piano].$w()210590 996 $6245$aIl flauto del re :$boperetta in tre atti$9(OLS)http://semarc/title/35335 996 $6260$aBergamo :$bEd. Carrara$9(OLS)http://semarc/publisher/30551 LEADER 01041nam a2200241 i 4500 001 000000107422 003 CaOOAMICUS 005 20161102000000.0 008 161102s1980 it u000 u ita u 013 $a79674 040 $aSeMil$bita 100 1 $aVolta, Alessandro,$d<1745-1827>.$0(OLS)http://semarc/name/110836 245 10$aLettere sull'aria infiammabile nativa delle paludi /$cAlessandro Volta. 250 $aRist. anast. 260 $a[S.l. :$bs.n.],$c1980$e(Milano :$fStabilimento Grafico Scotti,$g1980) 300 $a147 p. ;$c21 cm. 500 $aRipr. facs. dell'ed.: Milano : nella stamperia di G. Marelli, 1777. - In custodia. 600 14$aVolta, Alessandro <1745-1827>.$0(OLS)http://semarc/subject/8818 850 $aSeMil 852 $aSeMil$W1$xVenegono$y1$m3X I 51$j63518$B63518$CSeMilBibl$Z2$F214653 $81 961 $aOmaggio: Giudici Ecc. Giovanni 996 $6245$aLettere sull'aria infiammabile nativa delle paludi$9(OLS)http://semarc/title/155919 996 $6260$a[S.l. :$bs.n.]$9(OLS)http://semarc/publisher/29751